00725nam a2200241 a 4500001001300000003000900013005001700022008004100039020002300080082001500103100001600118245008000134260002400214300000900238500003500247505001000282650003700292700001600329902000800345942000700353952010800360999001500468nice12345678IN_TiNIC20260116012837.0050524s1987 gena grp 000 0 eng  a2825424 c10000a261.2bTHO aThomas, M M aRisking Christ for Chris`s Sake(towards an Ecumenical Theology of Pluralism aGeneva bWCC c1987 a120p aincludes index and biblioraphy2 aIndex aChristianity and Other Religions1 aThomas, M M bSRS cBK 00104070aHMIbHMId2007-07-10g100.00l2o261.2 THOp014305r2023-08-17s2023-08-16w2026-01-16yEB c8608d8608